[Event "54th ch-IND Premier 2016"]
[Site "Lucknow IND"]
[Date "2016.11.17"]
[Round "1.1"]
[White "Abhishek, Kelkar"]
[Black "Praneeth, Surya K"]
[Result "0-1"]
[WhiteTitle "IM"]
[BlackTitle "FM"]
[WhiteElo "2389"]
[BlackElo "2388"]
[WhiteFideId "5019257"]
[BlackFideId "5091411"]
[EventDate "2016.11.17"]

1. d4 Nf6 2. Nf3 g6 3. Bf4 Bg7 4. c3 d6 5. h3 O-O 6. Nbd2 Nfd7 7. e3 e5 8. Bg3
Qe7 9. Bc4 Kh8 10. O-O Nc6 11. b4 f5 12. b5 Nd8 13. Qc2 g5 14. Nb3 Nb6 15. Be2
e4 16. Nfd2 f4 17. Bh2 d5 18. a4 Bf5 19. Qd1 Ne6 20. Na5 Rab8 21. Bg4 Bg6 22.
Bh5 Rf6 23. Re1 Bxh5 24. Qxh5 Rh6 25. Qd1 Rf8 26. Nxb7 g4 27. Qxg4 Rg6 28. Qd1
f3 29. Bg3 Rxg3 30. fxg3 f2+ 31. Kh2 fxe1=Q 32. Qxe1 Bh6 33. Na5 Ng7 34. g4 Bg5
35. Nc6 Qd6+ 36. Kg1 h5 37. Nxa7 Qh6 38. Nf1 hxg4 39. Qg3 Nc4 40. Qxg4 Nxe3 41.
Nxe3 Bxe3+ 42. Kh1 Nh5 43. Qh4 Bf2 44. Qe7 Ng3+ 45. Kh2 Qf4 46. Qe5+ Qxe5 47.
dxe5 e3 0-1

[Event "54th ch-IND Premier 2016"]
[Site "Lucknow IND"]
[Date "2016.11.17"]
[Round "1.2"]
[White "Nitin, S."]
[Black "Mishra, Neeraj-Kumar"]
[Result "1-0"]
[WhiteTitle "IM"]
[BlackTitle "IM"]
[WhiteElo "2415"]
[BlackElo "2307"]
[WhiteFideId "5018277"]
[BlackFideId "5000106"]
[EventDate "2016.11.17"]

1. e4 c5 2. Nf3 e6 3. d4 cxd4 4. Nxd4 Nc6 5. Nc3 a6 6. Be3 Nge7 7. Nb3 b5 8. a4
b4 9. a5 d6 10. Na4 Bb7 11. Nb6 Rb8 12. Bd3 Ne5 13. O-O Nc8 14. f4 Nxd3 15. cxd3
Be7 16. f5 e5 17. Rc1 O-O 18. Qg4 f6 19. Nd5 Bxd5 20. exd5 Qd7 21. Rc6 Qb7 22.
Qc4 Bd8 23. Rxa6 Qb5 24. g4 Ne7 25. Rxd6 Bxa5 26. Nxa5 Qxa5 27. Rd7 Rfc8 28. Qb3
Kf8 29. d6 Nd5 30. Ra7 Qb5 31. Rfa1 Rc5 32. d7 Rd8 33. Bf2 Qc6 34. Bxc5+ Qxc5+
35. Kh1 Nf4 36. Qc4 Qb6 37. Ra8 Ke7 38. Rxd8 Qb7+ 39. Qe4 Qxe4+ 40. dxe4 Kxd8
41. Rd1 1-0

[Event "54th ch-IND Premier 2016"]
[Site "Lucknow IND"]
[Date "2016.11.17"]
[Round "1.3"]
[White "Dhulipalla, Bala Chandra Prasad"]
[Black "Adhiban, Baskaran"]
[Result "1/2-1/2"]
[BlackTitle "GM"]
[WhiteElo "2316"]
[BlackElo "2666"]
[WhiteFideId "25005812"]
[BlackFideId "5018471"]
[EventDate "2016.11.17"]

1. d4 Nf6 2. Bf4 g6 3. e3 Bg7 4. Nf3 d6 5. Be2 O-O 6. O-O Nbd7 7. h3 b6 8. a4 a6
9. Nbd2 Bb7 10. Bh2 Ne4 11. Nxe4 Bxe4 12. Nd2 Bb7 13. Bf3 Qc8 14. Bxb7 Qxb7 15.
Qf3 Rab8 16. Qxb7 Rxb7 17. c3 c5 18. Ra3 Rc8 19. Rfa1 cxd4 20. exd4 Bh6 21. Nf3
Nf6 22. Kf1 Ne4 23. Ke2 f5 24. Rb3 b5 25. Ne1 Nd2 26. Rb4 Rc4 27. Nd3 Rxb4 28.
Nxb4 Nb3 29. Ra3 Nc1+ 30. Kd1 a5 31. Nc6 Nd3 32. Nxa5 b4 33. Rb3 Rc7 34. Kc2
Ne1+ 35. Kd1 Nd3 36. c4 Nxf2+ 37. Ke2 Ne4 38. d5 Rc5 39. Nb7 Rxc4 40. a5 Rc2+
41. Kd3 Rc1 42. Ke2 Rc2+ 43. Kd3 Rc1 44. Ke2 Kg7 45. Rxb4 Rc2+ 46. Kd3 Rd2+ 47.
Kc4 Rxg2 48. a6 Rxh2 49. a7 Rc2+ 50. Kd4 Rd2+ 51. Kc4 Rc2+ 52. Kd4 Rd2+ 1/2-1/2

[Event "54th ch-IND Premier 2016"]
[Site "Lucknow IND"]
[Date "2016.11.17"]
[Round "1.4"]
[White "Bakre, Tejas"]
[Black "Karthikeyan, Murali"]
[Result "1/2-1/2"]
[WhiteTitle "GM"]
[BlackTitle "GM"]
[WhiteElo "2450"]
[BlackElo "2530"]
[WhiteFideId "5004195"]
[BlackFideId "5074452"]
[EventDate "2016.11.17"]

1. d4 Nf6 2. c4 Nc6 3. Nf3 e6 4. a3 d6 5. Nc3 g6 6. e4 Bg7 7. Be2 O-O 8. O-O Re8
9. Be3 e5 10. d5 Nd4 11. Nxd4 exd4 12. Bxd4 Nxe4 13. Bxg7 Kxg7 14. Qd4+ Qf6 15.
Qxf6+ Kxf6 16. Nb5 Re7 17. Rfe1 Bd7 18. Nd4 a5 19. Bf1 a4 20. f3 Nc5 21. Rxe7
Kxe7 22. Kf2 Ra6 23. Rd1 Kf6 24. Ke3 g5 25. Kd2 h5 26. Re1 Ra8 27. Bd3 h4 28.
Bc2 Rg8 29. Kc3 Re8 30. Rxe8 Bxe8 31. g3 hxg3 1/2-1/2

[Event "54th ch-IND Premier 2016"]
[Site "Lucknow IND"]
[Date "2016.11.17"]
[Round "1.6"]
[White "Laxman, R.R."]
[Black "Ravi, Teja S."]
[Result "1/2-1/2"]
[WhiteTitle "GM"]
[BlackTitle "IM"]
[WhiteElo "2387"]
[BlackElo "2384"]
[WhiteFideId "5005361"]
[BlackFideId "5017220"]
[EventDate "2016.11.17"]

1. d4 d5 2. c4 c6 3. Nf3 Nf6 4. e3 e6 5. Nc3 Nbd7 6. Bd3 dxc4 7. Bxc4 b5 8. Be2
Bb7 9. O-O Be7 10. e4 b4 11. e5 bxc3 12. exf6 Bxf6 13. bxc3 c5 14. dxc5 O-O 15.
Ba3 Be7 16. Qd4 Qc7 17. Rab1 Bc6 18. Qe3 Bxf3 19. Bxf3 Rab8 20. c6 Bxa3 21. cxd7
Qxd7 22. c4 Qe7 23. Rb5 Rxb5 24. cxb5 Rd8 25. Rd1 Rxd1+ 26. Bxd1 g6 1/2-1/2

[Event "54th ch-IND Premier 2016"]
[Site "Lucknow IND"]
[Date "2016.11.17"]
[Round "1.7"]
[White "Kunte, Abhijit"]
[Black "Aravindh, Chithambaram VR."]
[Result "0-1"]
[WhiteTitle "GM"]
[BlackTitle "GM"]
[WhiteElo "2494"]
[BlackElo "2565"]
[WhiteFideId "5002265"]
[BlackFideId "5072786"]
[EventDate "2016.11.17"]

1. d4 Nf6 2. c4 e6 3. Nf3 Bb4+ 4. Bd2 a5 5. g3 d5 6. Bg2 O-O 7. O-O dxc4 8. Qc2
Bxd2 9. Nbxd2 b5 10. a4 c6 11. b3 cxb3 12. Nxb3 Ba6 13. Rfc1 bxa4 14. Rxa4 Bb5
15. Ra3 Nbd7 16. e3 a4 17. Nbd2 Qe7 18. Qa2 Rab8 19. Nc4 Rfc8 20. Nb2 c5 21. Rb1
Bc6 22. Rc3 Nd5 23. Rc4 Nxe3 24. fxe3 Bd5 25. Nd2 Bxc4 26. Nbxc4 cxd4 27. exd4
Qf6 28. Rxb8 Qxd4+ 29. Kf1 Rxb8 30. Qxa4 Ne5 31. Qa2 Ng4 32. Nf3 Rb1+ 33. Ne1
Qf6+ 0-1

[Event "54th ch-IND Premier 2016"]
[Site "Lucknow IND"]
[Date "2016.11.18"]
[Round "2.1"]
[White "Praneeth, Surya K"]
[Black "Aravindh, Chithambaram VR."]
[Result "0-1"]
[WhiteTitle "FM"]
[BlackTitle "GM"]
[WhiteElo "2388"]
[BlackElo "2565"]
[WhiteFideId "5091411"]
[BlackFideId "5072786"]
[EventDate "2016.11.17"]

1. e4 c5 2. Nf3 e6 3. d4 cxd4 4. Nxd4 Nc6 5. Nc3 Nf6 6. g3 d5 7. Bg2 Qb6 8. Nb3
d4 9. e5 Nd7 10. Ne2 Bb4+ 11. Bd2 Ndxe5 12. O-O Be7 13. Nexd4 Nxd4 14. Be3 Ndf3+
15. Bxf3 Nxf3+ 16. Qxf3 Qc7 17. Qe2 e5 18. Bc5 O-O 19. Bxe7 Qxe7 20. Rfe1 Re8
21. Rad1 f6 22. f3 Be6 23. Qf2 b6 24. f4 Qc7 25. fxe5 fxe5 26. c3 Bg4 27. Rd5
Qc4 28. Rd2 Rf8 29. Qg2 Bf3 30. Qf1 Qc7 31. Rf2 Bd5 32. Nd2 Bxa2 33. c4 Qc5 34.
Ra1 Rad8 35. Ne4 Qc6 36. Nd2 Qc5 37. Ne4 Qd4 38. Rxa2 Qxe4 39. b3 Qe3 40. Rb2
Rxf2 41. Qxf2 Rd1+ 42. Kg2 Qe4+ 43. Kh3 Rd6 0-1

[Event "54th ch-IND Premier 2016"]
[Site "Lucknow IND"]
[Date "2016.11.18"]
[Round "2.2"]
[White "Ravi, Teja S."]
[Black "Kunte, Abhijit"]
[Result "1/2-1/2"]
[WhiteTitle "IM"]
[BlackTitle "GM"]
[WhiteElo "2384"]
[BlackElo "2494"]
[WhiteFideId "5017220"]
[BlackFideId "5002265"]
[EventDate "2016.11.17"]

1. d4 Nf6 2. c4 e6 3. Nc3 Bb4 4. Qc2 b6 5. Bg5 Bb7 6. a3 Bxc3+ 7. Qxc3 d6 8. f3
Nbd7 9. e4 c5 10. Nh3 h6 11. Be3 O-O 12. Be2 Qc7 13. Rd1 Rfd8 14. d5 e5 15. g4
Nh7 16. Nf2 Ndf8 17. h4 Qe7 18. Nd3 Ng6 19. h5 Ngf8 20. Kf2 Nd7 21. Kg2 Ng5 22.
Rb1 Rdc8 23. Nf2 Rc7 24. Rh2 a5 25. Nh1 Bc8 26. Ng3 Nf8 27. Rhh1 f6 28. b3 Nf7
29. Ra1 Rca7 30. Qb2 Qc7 31. a4 1/2-1/2

[Event "54th ch-IND Premier 2016"]
[Site "Lucknow IND"]
[Date "2016.11.18"]
[Round "2.3"]
[White "Sriram, Jha"]
[Black "Laxman, R.R."]
[Result "0-1"]
[WhiteTitle "GM"]
[BlackTitle "GM"]
[WhiteElo "2426"]
[BlackElo "2387"]
[WhiteFideId "5001668"]
[BlackFideId "5005361"]
[EventDate "2016.11.17"]

1. d4 Nf6 2. Nf3 e6 3. Bf4 b6 4. e3 Bb7 5. Nbd2 Nh5 6. Bg5 Be7 7. Bxe7 Qxe7 8.
c3 Nf6 9. Bd3 d5 10. Qe2 Ne4 11. Bb5+ c6 12. Bd3 Nxd2 13. Nxd2 c5 14. dxc5 bxc5
15. e4 O-O 16. exd5 Bxd5 17. Be4 Qb7 18. b3 Nd7 19. O-O Nf6 20. Bxd5 exd5 21.
Rfe1 Rfe8 22. Qd3 Qb6 23. h3 g6 24. Nf1 Kg7 25. Ne3 Re5 26. Re2 Rae8 27. Rae1
Qe6 28. Kf1 Qd6 29. Kg1 Re4 30. Nc2 Qf4 31. Rxe4 Rxe4 32. Re3 h5 33. f3 Re6 34.
Rxe6 fxe6 35. Qe3 Qxe3+ 36. Nxe3 h4 37. Kf2 e5 38. Ke2 Kf7 39. Kd3 Ke6 40. b4
c4+ 41. Kd2 Nh5 42. a4 Nf4 43. a5 Kd6 44. Kc2 Kc6 45. Kd2 g5 46. Ng4 Kd6 47. b5
Nd3 48. Nf6 Nf4 49. Ne8+ Kd7 50. Nf6+ Kc7 51. Ne8+ Kb8 52. Nf6 Kc8 53. Ng4 Nxg2
54. Nxe5 Nf4 55. Nc6 Kb7 56. Ne7 Nxh3 57. Nxd5 Nf4 58. Nxf4 gxf4 59. Ke2 Kc7 60.
Kf2 Kd6 61. Kg2 Kc5 62. Kh3 Kxb5 63. Kg4 Kxa5 64. Kxf4 Kb6 65. Kg4 a5 66. f4 a4
67. f5 Kc7 68. Kg5 a3 69. f6 Kd7 70. Kg6 a2 71. f7 a1=Q 72. f8=Q Qxc3 73. Qf5+
Kd6 74. Qf8+ Kc6 75. Qe8+ Kc5 76. Qe7+ Kb5 77. Qxh4 Qd3+ 78. Kf7 c3 79. Qg5+ Ka4
80. Qf4+ Ka3 81. Qb8 Qc4+ 82. Kf6 c2 83. Qa7+ Kb2 84. Qb6+ Qb3 85. Qf2 Kb1 86.
Qf5 Qb6+ 87. Ke7 Qc7+ 88. Ke8 Qc6+ 89. Ke7 Ka2 90. Qf2 Qe4+ 91. Kf6 Kb3 92. Qb6+
Kc3 93. Qa5+ Kd3 94. Qa3+ Ke2 95. Qb2 Qf4+ 96. Kg6 Qd6+ 97. Kf7 Qd5+ 98. Kf6 Ke1 0-1

[Event "54th ch-IND Premier 2016"]
[Site "Lucknow IND"]
[Date "2016.11.18"]
[Round "2.5"]
[White "Adhiban, Baskaran"]
[Black "Bakre, Tejas"]
[Result "1-0"]
[WhiteTitle "GM"]
[BlackTitle "GM"]
[WhiteElo "2666"]
[BlackElo "2450"]
[WhiteFideId "5018471"]
[BlackFideId "5004195"]
[EventDate "2016.11.17"]

1. e4 c5 2. Nf3 d6 3. d4 cxd4 4. Nxd4 Nf6 5. Nc3 g6 6. Be3 Bg7 7. f3 O-O 8. Qd2
Nc6 9. Bc4 Bd7 10. O-O-O Rc8 11. Be2 a6 12. g4 b5 13. Kb1 Nxd4 14. Bxd4 e5 15.
Be3 b4 16. Nd5 Nxd5 17. Qxd5 Rc6 18. Bc4 Qc7 19. Bb3 Be6 20. Qd2 Rb8 21. h4 a5
22. Ba4 Ra6 23. h5 Bf8 24. Rh2 Rb7 25. Bb3 Qc8 26. hxg6 fxg6 27. Qd3 Rc6 28. Bd5
a4 29. Bxc6 Qxc6 30. b3 Rf7 31. Bc1 Qa8 32. Bb2 Be7 33. Qe3 Qf8 34. Qb6 axb3 35.
axb3 Rxf3 36. Rdh1 Bxg4 37. Qxb4 h5 38. Qb5 h4 39. Rxh4 Bxh4 40. Rxh4 Be6 41.
Ba3 Rf1+ 42. Kb2 Rf4 43. Bxd6 1-0

[Event "54th ch-IND Premier 2016"]
[Site "Lucknow IND"]
[Date "2016.11.18"]
[Round "2.6"]
[White "Mishra, Neeraj-Kumar"]
[Black "Dhulipalla, Bala Chandra Prasad"]
[Result "0-1"]
[WhiteTitle "IM"]
[WhiteElo "2307"]
[BlackElo "2316"]
[WhiteFideId "5000106"]
[BlackFideId "25005812"]
[EventDate "2016.11.17"]

1. g3 e5 2. Bg2 Nc6 3. c4 Nf6 4. d3 Bb4+ 5. Bd2 Bxd2+ 6. Qxd2 d5 7. cxd5 Nxd5 8.
Nf3 O-O 9. Nc3 Nxc3 10. Qxc3 Nd4 11. e3 Re8 12. Qd2 Bh3 13. Nxd4 Bxg2 14. Rg1
exd4 15. Rxg2 dxe3 16. fxe3 Qd5 17. e4 Rad8 18. O-O-O Qxa2 19. Qb4 Rd6 20. Qa3
Qe6 21. Rc2 Ra6 22. Qc5 c6 23. Qc4 Ra1+ 24. Kd2 Qh6+ 0-1

[Event "54th ch-IND Premier 2016"]
[Site "Lucknow IND"]
[Date "2016.11.18"]
[Round "2.7"]
[White "Abhishek, Kelkar"]
[Black "Nitin, S."]
[Result "1-0"]
[WhiteTitle "IM"]
[BlackTitle "IM"]
[WhiteElo "2389"]
[BlackElo "2415"]
[WhiteFideId "5019257"]
[BlackFideId "5018277"]
[EventDate "2016.11.17"]

1. d4 Nf6 2. c4 g6 3. Nc3 Bg7 4. e4 d6 5. Be2 O-O 6. Be3 e5 7. d5 Na6 8. g4 Nc5
9. Bf3 c6 10. g5 Nfd7 11. Nge2 cxd5 12. Nxd5 f5 13. Nec3 Ne6 14. h4 f4 15. Bc1
Nd4 16. Nb5 Nxf3+ 17. Qxf3 Nc5 18. Bd2 Ne6 19. Qa3 Bd7 20. Nxd6 Nd4 21. O-O-O
Bc6 22. Kb1 b5 23. cxb5 Bxd5 24. exd5 Qd7 25. Bb4 Rfb8 26. Qh3 Qxh3 27. Rxh3 Bf8
28. Bc5 Nxb5 29. Nxb5 Bxc5 30. Nc7 Bxf2 31. d6 Bb6 32. Nxa8 Rxa8 33. Rd5 e4 34.
Re5 e3 35. Rf3 Rd8 36. Rxf4 Rxd6 37. Re8+ Kg7 38. Rfe4 Rd1+ 39. Kc2 Rd2+ 40. Kc3
Bc5 41. b4 Bf8 42. a3 Rh2 43. Ra8 e2 44. Rxa7+ Kg8 45. Kd2 1-0

[Event "54th ch-IND Premier 2016"]
[Site "Lucknow IND"]
[Date "2016.11.19"]
[Round "3.1"]
[White "Nitin, S."]
[Black "Praneeth, Surya K"]
[Result "1-0"]
[WhiteTitle "IM"]
[BlackTitle "FM"]
[WhiteElo "2415"]
[BlackElo "2388"]
[WhiteFideId "5018277"]
[BlackFideId "5091411"]
[EventDate "2016.11.17"]

1. e4 c5 2. Nf3 d6 3. d4 cxd4 4. Nxd4 Nf6 5. Nc3 a6 6. Be3 e5 7. Nb3 Be6 8. f3
Nbd7 9. Qd2 b5 10. O-O-O Be7 11. g4 b4 12. Nd5 Bxd5 13. exd5 Nb6 14. Na5 Nbxd5
15. Nc6 Qc7 16. Nxe7 Nxe3 17. Qxe3 Kxe7 18. Bd3 Rhd8 19. Qg5 h6 20. Qh4 a5 21.
f4 Rh8 22. fxe5 dxe5 23. Rhe1 Kf8 24. g5 Ne8 25. Qg3 hxg5 26. Rxe5 Nf6 27. Rde1
g6 28. Qxg5 Ng8 29. Bxg6 Rxh2 30. Qf4 1-0

[Event "54th ch-IND Premier 2016"]
[Site "Lucknow IND"]
[Date "2016.11.19"]
[Round "3.2"]
[White "Dhulipalla, Bala Chandra Prasad"]
[Black "Abhishek, Kelkar"]
[Result "1/2-1/2"]
[BlackTitle "IM"]
[WhiteElo "2316"]
[BlackElo "2389"]
[WhiteFideId "25005812"]
[BlackFideId "5019257"]
[EventDate "2016.11.17"]

1. d4 Nf6 2. Bf4 g6 3. e3 Bg7 4. Nf3 d6 5. Be2 O-O 6. O-O c5 7. c3 Qb6 8. Nbd2
d5 9. Qb3 c4 10. Qa3 Nc6 11. b3 cxb3 12. axb3 Nh5 13. Bg5 e6 14. e4 h6 15. Be3
f5 16. exd5 exd5 17. Nc4 Qd8 18. Nce5 f4 19. Bd2 g5 20. Nxc6 bxc6 21. Ne5 Qe8
22. Rfe1 Bxe5 23. Bd3 Bf5 24. Rxe5 Qg6 25. Rxf5 Rxf5 26. Qc5 Ng7 27. Rxa7 Rxa7
28. Qxa7 Qe8 29. Bxf5 Nxf5 30. Qa1 Qe4 31. Qe1 Qc2 32. g4 1/2-1/2

[Event "54th ch-IND Premier 2016"]
[Site "Lucknow IND"]
[Date "2016.11.19"]
[Round "3.3"]
[White "Bakre, Tejas"]
[Black "Mishra, Neeraj-Kumar"]
[Result "1/2-1/2"]
[WhiteTitle "GM"]
[BlackTitle "IM"]
[WhiteElo "2450"]
[BlackElo "2307"]
[WhiteFideId "5004195"]
[BlackFideId "5000106"]
[EventDate "2016.11.17"]

1. e4 c5 2. Nf3 e6 3. d4 cxd4 4. Nxd4 Nc6 5. Nc3 Qc7 6. Be3 a6 7. Qf3 Nf6 8.
O-O-O Be7 9. Be2 d6 10. Qg3 O-O 11. f4 Bd7 12. e5 Ne8 13. Nf3 Rc8 14. Rd2 f5 15.
exf6 Nxf6 16. f5 Ne5 17. Nxe5 dxe5 18. Bh6 Rf7 19. fxe6 Bxe6 20. Rf1 Bb4 21. Rf3
e4 22. Qxc7 Rfxc7 23. Rg3 Kf8 24. Bf4 Bxc3 25. bxc3 Rxc3 26. Rxc3 Rxc3 27. Rd6
Kf7 28. Rb6 Bd5 29. Be5 Rc8 30. Rd6 Ke7 31. a3 e3 32. g3 Bc4 33. Bxc4 Rxc4 34.
Rb6 e2 35. Bxf6+ gxf6 36. Rxb7+ Ke6 37. Kd2 Rxc2+ 38. Ke1 h5 39. Rb6+ Ke5 40.
Rxa6 f5 41. Ra4 1/2-1/2

[Event "54th ch-IND Premier 2016"]
[Site "Lucknow IND"]
[Date "2016.11.19"]
[Round "3.5"]
[White "Laxman, R.R."]
[Black "Karthikeyan, Murali"]
[Result "0-1"]
[WhiteTitle "GM"]
[BlackTitle "GM"]
[WhiteElo "2387"]
[BlackElo "2530"]
[WhiteFideId "5005361"]
[BlackFideId "5074452"]
[EventDate "2016.11.17"]

1. d4 Nf6 2. Nf3 e6 3. c4 c5 4. d5 b5 5. dxe6 fxe6 6. cxb5 d5 7. g3 Bd6 8. Bg2
a6 9. bxa6 O-O 10. O-O Bxa6 11. Re1 Nc6 12. Nc3 Qc7 13. Ng5 Rae8 14. Qa4 Qb6 15.
Bf4 Bxf4 16. gxf4 h6 17. Nh3 Nd4 18. e3 Nf5 19. Qc2 Qc7 20. Ne2 Nh4 21. Ng3 Nxg2
22. Kxg2 d4 23. exd4 Bb7+ 24. f3 Nd5 25. Kg1 Nxf4 26. Nxf4 Qxf4 27. Qf2 cxd4 28.
Ne4 Bd5 29. Rad1 e5 30. Rd3 Re6 31. b4 Rg6+ 0-1

[Event "54th ch-IND Premier 2016"]
[Site "Lucknow IND"]
[Date "2016.11.19"]
[Round "3.6"]
[White "Kunte, Abhijit"]
[Black "Sriram, Jha"]
[Result "1/2-1/2"]
[WhiteTitle "GM"]
[BlackTitle "GM"]
[WhiteElo "2494"]
[BlackElo "2426"]
[WhiteFideId "5002265"]
[BlackFideId "5001668"]
[EventDate "2016.11.17"]

1. d4 d5 2. c4 c6 3. Nc3 Nf6 4. e3 a6 5. Nf3 Bf5 6. Ne5 Nbd7 7. Qb3 Ra7 8. cxd5
Nxe5 9. dxe5 Nxd5 10. e4 Nxc3 11. Qxc3 Be6 12. Be3 Ra8 13. f4 g6 14. Bd3 Bh6 15.
O-O O-O 16. Bc2 f6 17. Rad1 Qe8 18. exf6 exf6 19. Rd6 Rf7 20. Rfd1 Bf8 21. Rxe6
Qxe6 22. f5 Qe7 23. Bb3 Rd8 24. Bxf7+ Kxf7 25. Qb3+ Ke8 26. Rxd8+ Kxd8 27. Bb6+ 1/2-1/2

[Event "54th ch-IND Premier 2016"]
[Site "Lucknow IND"]
[Date "2016.11.19"]
[Round "3.7"]
[White "Aravindh, Chithambaram VR."]
[Black "Ravi, Teja S."]
[Result "0-1"]
[WhiteTitle "GM"]
[BlackTitle "IM"]
[WhiteElo "2565"]
[BlackElo "2384"]
[WhiteFideId "5072786"]
[BlackFideId "5017220"]
[EventDate "2016.11.17"]

1. c4 c6 2. d4 d5 3. Nf3 Nf6 4. Nc3 e6 5. g3 dxc4 6. Bg2 b5 7. Ne5 Nd5 8. a4 f6
9. e4 Nxc3 10. Qh5+ g6 11. Nxg6 hxg6 12. Qxg6+ Kd7 13. bxc3 Be7 14. Qg4 Qg8 15.
Qe2 e5 16. O-O Kc7 17. Be3 Bb7 18. d5 a6 19. dxc6 Bxc6 20. axb5 axb5 21. Rxa8
Bxa8 22. Rb1 Bc6 23. h4 Na6 24. Qa2 Qa8 25. Qa5+ Kb8 26. Ra1 Nc7 27. Ba7+ Kc8
28. Qb6 Bd7 29. Qe3 Ne6 30. Qc1 Qc6 31. Be3 Bc5 32. Bh3 Kb7 33. Bf5 Nf4 34. gxf4
Bxf5 35. Bxc5 Qxe4 36. Ra7+ Kb8 37. Rg7 Rxh4 38. Rg2 Bh3 39. Rg8+ Bc8 40. Rg2
Qh7 0-1

[Event "54th ch-IND Premier 2016"]
[Site "Lucknow IND"]
[Date "2016.11.20"]
[Round "4.1"]
[White "Praneeth, Surya K"]
[Black "Ravi, Teja S."]
[Result "0-1"]
[WhiteTitle "FM"]
[BlackTitle "IM"]
[WhiteElo "2388"]
[BlackElo "2384"]
[WhiteFideId "5091411"]
[BlackFideId "5017220"]
[EventDate "2016.11.17"]

1. e4 c6 2. d4 d5 3. e5 Bf5 4. Nf3 e6 5. Be2 c5 6. Be3 cxd4 7. Nxd4 Ne7 8. O-O
Nbc6 9. Bb5 Bg6 10. c4 a6 11. Ba4 dxc4 12. Na3 Bd3 13. Rc1 Qd5 14. b3 Qxe5 15.
Rxc4 Bxf1 16. Qxf1 Qd6 17. Qc1 f6 18. b4 Kf7 19. Bb3 Nxd4 20. Rxd4 Nd5 21. Qd2
Rd8 22. f4 g6 23. f5 gxf5 24. Nc4 Qc7 25. Bf2 Rg8 26. Ne3 Nxe3 27. Qxe3 Re8 28.
Qf3 Rg6 29. Rc4 Qe5 30. h4 Qa1+ 31. Kh2 Bd6+ 32. g3 Re7 33. Kg2 Qb2 34. Rc2 Qe5
35. Re2 Qb5 36. a3 Bxg3 37. h5 Rg5 0-1

[Event "54th ch-IND Premier 2016"]
[Site "Lucknow IND"]
[Date "2016.11.20"]
[Round "4.2"]
[White "Sriram, Jha"]
[Black "Aravindh, Chithambaram VR."]
[Result "0-1"]
[WhiteTitle "GM"]
[BlackTitle "GM"]
[WhiteElo "2426"]
[BlackElo "2565"]
[WhiteFideId "5001668"]
[BlackFideId "5072786"]
[EventDate "2016.11.17"]

1. d4 Nf6 2. c4 g6 3. Nc3 Bg7 4. e4 d6 5. f3 O-O 6. Nge2 c5 7. d5 e6 8. Ng3 exd5
9. cxd5 a6 10. a4 h5 11. Bg5 Qb6 12. Qd2 Nh7 13. a5 Qc7 14. Bh6 Bxh6 15. Qxh6 b5
16. axb6 Qxb6 17. Qd2 h4 18. Nge2 Nd7 19. Nf4 Rb8 20. Ra2 c4 21. Bxc4 Ne5 22.
Be2 a5 23. Nd1 f5 24. exf5 Rxf5 25. Rxa5 Ng5 26. Ra3 Bd7 27. h3 Re8 28. Ne6 Bxe6
29. dxe6 Rxe6 30. Re3 Rxf3 31. Rf1 Rxe3 32. Nxe3 Ne4 33. Nd5 Qa7 34. Qc1 Qa5+
35. Nc3 Nd3+ 36. Bxd3 Nxc3+ 37. Kf2 Qc5+ 38. Kf3 Rf6+ 0-1

[Event "54th ch-IND Premier 2016"]
[Site "Lucknow IND"]
[Date "2016.11.20"]
[Round "4.3"]
[White "Karthikeyan, Murali"]
[Black "Kunte, Abhijit"]
[Result "1/2-1/2"]
[WhiteTitle "GM"]
[BlackTitle "GM"]
[WhiteElo "2530"]
[BlackElo "2494"]
[WhiteFideId "5074452"]
[BlackFideId "5002265"]
[EventDate "2016.11.17"]

1. e4 e5 2. Nf3 Nc6 3. Bb5 a6 4. Ba4 Nf6 5. O-O Be7 6. d3 d6 7. c3 O-O 8. Nbd2
Re8 9. Re1 Bf8 10. d4 b5 11. Bc2 Bb7 12. d5 Nb8 13. Nf1 c6 14. dxc6 Bxc6 15. Bg5
Nbd7 16. Ne3 h6 17. Bh4 Qc7 18. Nd2 g6 19. Qf3 Bg7 20. Bb3 Rf8 21. Bxf6 Nxf6 22.
Ng4 Nd7 23. Ne3 Nf6 24. Ng4 Nd7 25. Ne3 Nf6 1/2-1/2

[Event "54th ch-IND Premier 2016"]
[Site "Lucknow IND"]
[Date "2016.11.20"]
[Round "4.4"]
[White "Adhiban, Baskaran"]
[Black "Laxman, R.R."]
[Result "1/2-1/2"]
[WhiteTitle "GM"]
[BlackTitle "GM"]
[WhiteElo "2666"]
[BlackElo "2387"]
[WhiteFideId "5018471"]
[BlackFideId "5005361"]
[EventDate "2016.11.17"]

1. d4 Nf6 2. c4 e6 3. Nf3 d5 4. Nc3 Bb4 5. Bg5 h6 6. Bxf6 Qxf6 7. e3 O-O 8. Rc1
dxc4 9. Bxc4 c5 10. O-O cxd4 11. Ne4 Qe7 12. a3 Ba5 13. exd4 Bd7 14. b4 Bb6 15.
Re1 Rd8 16. d5 exd5 17. Nc5 Qf6 18. Nxd7 Nxd7 19. Bxd5 Nf8 20. Qb3 Rd7 21. g3
Rad8 22. Rcd1 Ng6 23. a4 Ne7 24. Be4 Rxd1 25. Rxd1 Nc6 26. Rxd8+ Nxd8 27. a5 Bc7
28. Qc4 Qe7 29. Bd5 Bd6 30. b5 Qc7 31. Qa2 Qc5 32. a6 bxa6 33. bxa6 Bc7 34. Kg2
Qd6 35. Ne1 Bb6 36. Nd3 Kf8 37. Nf4 Qe7 38. h4 Bc7 39. Nd3 Bb6 40. Nf4 Bc7 41.
Nd3 Bb6 42. Qc4 Qd6 43. Nf4 g6 44. Nd3 Qf6 45. Qa2 Kg7 46. Qc4 Qd4 47. Qxd4+ 1/2-1/2

[Event "54th ch-IND Premier 2016"]
[Site "Lucknow IND"]
[Date "2016.11.20"]
[Round "4.6"]
[White "Abhishek, Kelkar"]
[Black "Bakre, Tejas"]
[Result "1/2-1/2"]
[WhiteTitle "IM"]
[BlackTitle "GM"]
[WhiteElo "2389"]
[BlackElo "2450"]
[WhiteFideId "5019257"]
[BlackFideId "5004195"]
[EventDate "2016.11.17"]

1. Nf3 d5 2. g3 c6 3. Bg2 Bg4 4. c4 e6 5. cxd5 exd5 6. O-O Nf6 7. d3 Be7 8. Nc3
Nbd7 9. h3 Bxf3 10. Bxf3 d4 11. Ne4 Ne5 12. Nxf6+ Bxf6 13. Bg2 O-O 14. Qc2 Re8
15. b4 a5 16. Rb1 axb4 17. Rxb4 Ra7 18. Bb2 Ng6 19. Bf3 Qd7 20. Bg4 Qd6 21. a3
c5 22. Rb5 b6 23. a4 Ne5 24. Bf5 g6 25. Be4 Nd7 26. Bf3 1/2-1/2

[Event "54th ch-IND Premier 2016"]
[Site "Lucknow IND"]
[Date "2016.11.20"]
[Round "4.7"]
[White "Nitin, S."]
[Black "Dhulipalla, Bala Chandra Prasad"]
[Result "1-0"]
[WhiteTitle "IM"]
[WhiteElo "2415"]
[BlackElo "2316"]
[WhiteFideId "5018277"]
[BlackFideId "25005812"]
[EventDate "2016.11.17"]

1. e4 e5 2. Nf3 Nc6 3. Nc3 Nf6 4. Bb5 Bb4 5. O-O O-O 6. d3 Bxc3 7. bxc3 d6 8.
Bg5 Qe7 9. Re1 a6 10. Bc4 Na5 11. Bb3 h6 12. Bh4 g5 13. Bg3 Bg4 14. h3 Bh5 15.
d4 Rad8 16. Qd3 Bg6 17. Nd2 c5 18. Qf3 b5 19. a4 Ra8 20. Bd5 Bh5 21. Qf5 Nxd5
22. exd5 Bg6 23. Qf3 f6 24. axb5 axb5 25. dxc5 dxc5 26. Ne4 Bxe4 27. Qxe4 Kg7
28. f4 gxf4 29. Bxf4 Nc4 30. Rxa8 Rxa8 31. Bxh6+ Kxh6 32. Qh4+ Kg7 33. Re4 Qf7
34. Rg4+ Kf8 35. Qh8+ Ke7 36. Qxa8 f5 37. Rg8 1-0